Normal view
MARC view
- Carroll, Alex,
Entry Personal Name
001 - CONTROL NUMBER
- control field: 41920
003 - CONTROL NUMBER IDENTIFIER
- control field: DLC
005 - DATE AND TIME OF LATEST TRANSACTION
- control field: 20181113100944.0
008 - FIXED-LENGTH DATA ELEMENTS
- fixed length control field: 980924n| acannaab| |a aaa c
010 ## - LIBRARY OF CONGRESS CONTROL NUMBER
- LC control number: nb 98076309
040 ## - CATALOGING SOURCE
- Original cataloging agency: Uk
- Language of cataloging: eng
- Transcribing agency: Uk
- Modifying agency: EG-ScBUE
100 1# - HEADING--PERSONAL NAME
- Personal name: Carroll, Alex,
- Dates associated with a name: 1947-
400 10 - SEE FROM TRACING--PERSONAL NAME
- Personal name: Carroll, Alexander,
- Dates associated with a name: 1947-
670 ## - SOURCE DATA FOUND
- Source citation: Constitutional and administrative law, 1998:
- Information found: t.p. (Alex Carroll, senior lecturer in Law, Manchester Metropolitan Univ.) BL AL sent 9 Sept. 1998
670 ## - SOURCE DATA FOUND
- Source citation: BL AL recd. 24 Sept. 1998
- Information found: (Alexander Joseph Carroll, born 7 Aug. 1947)